| 000 | 01761nam a22004457a 4500 | ||
|---|---|---|---|
| 003 | CHAP | ||
| 005 | 20220329143253.0 | ||
| 008 | 071120s2007 mx r 00010 spa d | ||
| 010 | _a94224 | ||
| 011 | _a95196 | ||
| 035 | _a105807 | ||
| 040 | _cCHAP | ||
| 090 | _aTesis | ||
| 100 | 1 |
_aArellano Choca, Miguel Angel _96895 |
|
| 245 | 1 | 4 |
_aAnálisis económico administrativo de una empresa elaboradora de botanas aplicando dos metodologías : _banálisis FODA y análisis factorial _c/por Miguel Angel Arellano Choca |
| 260 |
_aChapingo, Méx. : _bEl autor, _c2007 |
||
| 300 |
_a107 h. : _bilus. ; gráfs. ; cuadros ; Diagramas |
||
| 502 | _aTesis (Ing. Agroindustrial) -- UACH. Departamento de Ingeniería Agroindustrial | ||
| 530 | _aTambién disponible en línea | ||
| 590 |
_aALEPH _b10 _c20130110 _lUCH01 _h1521 |
||
| 590 |
_aBATCH-UPD _b10 _c20130110 _lUCH01 _h0832 |
||
| 590 |
_aBATCH-UPD _b10 _c20130410 _lUCH01 _h0510 |
||
| 590 |
_aBATCH-UPD _b10 _c20130913 _lUCH01 _h1949 |
||
| 590 |
_aBATCH-UPD _b10 _c20140324 _lUCH01 _h1505 |
||
| 590 |
_aBATCH-UPD _b10 _c20141002 _lUCH01 _h0835 |
||
| 590 |
_aBATCH _b00 _c20181121 _lUCH01 _h0758 |
||
| 590 |
_aCONVERSION _b10 _c20130109 _lUCH01 _h1352 |
||
| 650 | 1 | 4 |
_aAdministración de empresas. _9922 |
| 650 | 1 | 4 |
_aAlimentos _xIndustria. _94227 |
| 650 | 1 | 4 |
_aAlimentos _xProcesado. _94267 |
| 650 | 1 | 4 |
_aEmpresas comerciales internacionales. _936653 |
| 650 | 1 | 4 |
_aPapa _xIndustria. _985252 |
| 856 |
_3Finding aid _uhttp://10.13.5.2/tesis/105807.pdf _zTeclea aqui |
||
| 856 |
_a1 _n0000476 |
||
| 901 | _aBK | ||
| 905 | _aElisama A. H. | ||
| 942 | _cFOLL | ||
| 949 |
_atesis _bBC _cTES _d33724002043801 _eTS2 _fc.2 _gDonaciØn _h47179 _i105807 _si |
||
| 949 |
_atesis _bBC _cTES _d33724002043842 _eTS1 _gDonaciØn _h47178 _i105807 _sb |
||
| 999 |
_c94224 _d94224 |
||